| 000 | 01120cab a2200241 4500 | ||
|---|---|---|---|
| 001 | WB2643-13 | ||
| 008 | 090401t1990 xxu||||| |||| 00| 0 eng d | ||
| 035 | _a(Sirsi) u9199 | ||
| 041 | _aeng | ||
| 245 | _aTough competition at top of retail league | ||
| 260 | _c1990 | ||
| 350 | _a0 | ||
| 490 |
_aPlanning (for the Natural and Built Environment) _vno 892 26/10/90 p8 |
||
| 520 | _aAccording to URPI `s "1990 Register of UK Hypermarkets and superstores " (Available from URPI 7 Southern Court, South Street, Reading RG1 4QS £4) the South East continues to show the highest growth rate in superstores whilst the number of new stores planned for 1990 was only 99 compared with 124 in 1989. Lee Donaldson Associates "Abandoned shopping development" (LDA, 14 Pall Mall, London SW1Y 5LU) analyses the effect of high interest rates on consumer demand . | ||
| 650 | _aASDA | ||
| 650 | _aRANKING | ||
| 650 | _aREGIONAL DIFFERENCES | ||
| 650 | _aPROPERTY-COMMERCIAL PROPERTY-RETAIL PROPERTY-RETAIL PROPERTY MARKET | ||
| 650 | _aTESCO | ||
| 690 | _aPROPERTY-COMMERCIAL PROPERTY | ||
| 942 | _n0 | ||
| 948 | _c04/03/1997 | ||
| 999 |
_c5707 _d5707 |
||